| 000 | 00929cam a2200313 i 4500 | ||
|---|---|---|---|
| 003 | EG-GICUC | ||
| 005 | 20260430095529.0 | ||
| 008 | 930913s1994 nyua fr 001 0 eng d | ||
| 020 | _a0673990435 | ||
| 020 | _a9780673990433 | ||
| 040 |
_aDLC _cDLC _dDLC _dEG-GICUC _beng _erda |
||
| 050 | 0 | 0 |
_aHB172.5 _b.G774 1994 |
| 082 | 0 | 0 |
_a339 _221 |
| 092 | 0 | 4 | _221 |
| 099 | _aLaw 13 1994 | ||
| 100 | 1 | _aGregory, Paul R. | |
| 245 | 1 | 0 |
_aMacroeconomics / _cPaul R. Gregory, Roy J. Ruffin. |
| 264 |
_aNew York, NY : _bHarperCollins Publishers, _c1994. |
||
| 300 |
_axxiv, 373 pages : _billustrations ; _c27 cm. |
||
| 336 |
_atext _2rdacontent |
||
| 337 |
_aComputer _2rdamedia |
||
| 338 |
_aOnline Resource _2rdacarrier |
||
| 500 | _aIncludes index. | ||
| 650 | 0 | _aMacroeconomics. | |
| 700 | 1 |
_aRuffin, Roy, _d1938- |
|
| 856 | 4 | 0 | _uhttps://fll.law.cu.edu.eg/fulltext/bks/ENGB13-00102.pdf |
| 905 | _a10 | ||
| 942 |
_2ddc _cBK _e21 _n0 |
||
| 999 |
_c74420 _d74420 |
||